000 00719nam a2200253Ia 4500
005 20251020182441.0
008 200515s9999 xx 000 0 und d
020 _a84-267-1331-9
082 _a528.77/S47/1
100 _aSchenk, Toni
245 0 _aFotogrametría digital : Antecedentes, fundamentos, procedimientos automáticos de orientación . Volumen I
260 _aBarcelona
260 _bMarcombo, S.A. ; Institut Cartogràfic de Catalunya
260 _c2002
300 _a479 p.
300 _bil., tbl., graf.
490 _aBiblioteca de Catalunya
500 _a1 ejemplar
650 _aFOTOGRAMETRIA
650 _aFOTOGRAMETRIA DIGITAL
650 _aGEOMATICA
942 _cLIB
999 _c554
_d554